[Event "NAYCC U08"]
[Site "Toronto CAN"]
[Date "2013.08.15"]
[Round "3"]
[White "Guo, Roger"]
[Black "Bhanji, Areez"]
[Result "1-0"]
[WhiteElo "636"]
[BlackElo "204"]
[PlyCount "33"]
[GameId "2160767909250286"]
[EventDate "2013.08.14"]
[EventType "swiss"]
[EventRounds "9"]
[EventCountry "CAN"]
[SourceTitle "EXT 2022"]
[Source "ChessBase"]
[SourceDate "2021.10.06"]
[SourceVersion "1"]
[SourceVersionDate "2021.10.06"]
[SourceQuality "1"]

1. e4 e5 2. Nf3 Nc6 3. Nc3 Nf6 4. Bc4 d6 5. O-O Be7 6. d3 O-O 7. Ne2 Bg4 8. Ng3 Bxf3 9. Qxf3 Nb4 10. c3 Nc2 11. Rb1 d5 12. exd5 b5 13. Bb3 a6 14. Bxc2 Nxd5 15. d4 Rc8 16. Qd3 c5 17. Qxh7# 1-0

[Event "NAYCC U08"]
[Site "Toronto CAN"]
[Date "2013.08.15"]
[Round "3"]
[White "Hawthorn, Henry"]
[Black "Guipi Bopala, Prince Eric jr"]
[Result "1-0"]
[WhiteElo "1668"]
[BlackElo "930"]
[PlyCount "119"]
[GameId "2160767909250287"]
[EventDate "2013.08.14"]
[EventType "swiss"]
[EventRounds "9"]
[EventCountry "CAN"]
[SourceTitle "EXT 2022"]
[Source "ChessBase"]
[SourceDate "2021.10.06"]
[SourceVersion "1"]
[SourceVersionDate "2021.10.06"]
[SourceQuality "1"]

1. d4 d5 2. c4 e6 3. Nf3 Nf6 4. Nc3 Bd6 5. Bg5 O-O 6. cxd5 exd5 7. Nxd5 Be7 8. Nxe7+ Qxe7 9. e3 Nc6 10. Bd3 h6 11. Bh4 Bg4 12. O-O Nb4 13. Be2 Rad8 14. Qc1 Bxf3 15. Bxf3 Nc6 16. Bxc6 bxc6 17. Qxc6 Rb8 18. Rab1 Rb6 19. Bxf6 Qxf6 20. Qxc7 Ra6 21. a3 Qg5 22. Qc5 Qh4 23. Rbc1 Ra8 24. Qd5 Rb8 25. Rc7 Rf8 26. Rc6 Rd8 27. Qc5 Rxc6 28. Qxc6 Rb8 29. b4 Rb6 30. Qe8+ Kh7 31. Qxf7 a6 32. Qa2 Rg6 33. f3 Qe7 34. Qd2 Re6 35. e4 Qd8 36. Rd1 Kh8 37. d5 Re5 38. Qd3 Qb6+ 39. Kf1 Kg8 40. f4 Rh5 41. h3 Qf6 42. d6 Qd8 43. d7 Kf7 44. Qc4+ Ke7 45. Qc8 Rb5 46. a4 Rxb4 47. Qc5+ Ke6 48. Qxb4 a5 49. Qxa5 Qxa5 50. d8=Q Qxd8 51. Rxd8 Ke7 52. Rd2 Ke6 53. a5 Ke7 54. a6 g5 55. a7 gxf4 56. a8=Q Ke6 57. Qe8+ Kf6 58. Rd6+ Kg5 59. Qg6+ Kh4 60. Qg4# 1-0

[Event "NAYCC U08"]
[Site "Toronto CAN"]
[Date "2013.08.15"]
[Round "3"]
[White "Hua, Charles"]
[Black "Zhu, Max"]
[Result "0-1"]
[WhiteElo "1440"]
[BlackElo "880"]
[PlyCount "88"]
[GameId "2160767909250288"]
[EventDate "2013.08.14"]
[EventType "swiss"]
[EventRounds "9"]
[EventCountry "CAN"]
[SourceTitle "EXT 2022"]
[Source "ChessBase"]
[SourceDate "2021.10.06"]
[SourceVersion "1"]
[SourceVersionDate "2021.10.06"]
[SourceQuality "1"]

1. e4 e5 2. Nf3 Nc6 3. Bb5 Bc5 4. O-O Nf6 5. c3 a6 6. Ba4 b5 7. Bb3 O-O 8. d4 exd4 9. cxd4 Bb6 10. Bg5 h6 11. Bh4 d6 12. d5 Ne5 13. Nbd2 Bg4 14. Re1 Ba5 15. Qc2 Bxf3 16. Nxf3 Nxf3+ 17. gxf3 Bxe1 18. Rxe1 a5 19. Qc3 a4 20. Bxf6 Qxf6 21. Qxf6 gxf6 22. Bc2 a3 23. b3 Rfc8 24. Bd3 b4 25. Rc1 Ra5 26. Rc4 Rc5 27. Rxb4 Rc1+ 28. Kg2 Ra1 29. e5 fxe5 30. Rg4+ Kf8 31. Bh7 Ke7 32. Rh4 Rxa2 33. Rxh6 Rb2 34. Rh4 Ra8 35. Re4 a2 36. Re1 a1=Q 37. Rxa1 Rxa1 38. h4 Raa2 39. h5 Kf6 40. Bg8 Rxf2+ 41. Kg3 Kg5 42. Bxf7 Rg2+ 43. Kh3 Rh2+ 44. Kg3 Rag2# 0-1

[Event "NAYCC U08"]
[Site "Toronto CAN"]
[Date "2013.08.15"]
[Round "3"]
[White "Hung, Daniel1"]
[Black "Noorali, Aahil"]
[Result "1-0"]
[WhiteElo "1598"]
[BlackElo "1332"]
[PlyCount "131"]
[GameId "2160767909250289"]
[EventDate "2013.08.14"]
[EventType "swiss"]
[EventRounds "9"]
[EventCountry "CAN"]
[SourceTitle "EXT 2022"]
[Source "ChessBase"]
[SourceDate "2021.10.06"]
[SourceVersion "1"]
[SourceVersionDate "2021.10.06"]
[SourceQuality "1"]

1. e4 e5 2. Nf3 Nc6 3. Bc4 Bc5 4. d3 Nf6 5. Bg5 d6 6. h3 h6 7. Bh4 Be6 8. Bb3 g5 9. Bg3 Qd7 10. Nbd2 O-O-O 11. Qe2 Rdg8 12. O-O-O h5 13. h4 g4 14. Ng5 Nd4 15. Qf1 Nxb3+ 16. Nxb3 Bxb3 17. axb3 Nh7 18. Nxh7 Rxh7 19. Bh2 Qc6 20. Kb1 Qb6 21. f4 g3 22. Bg1 Bxg1 23. Rxg1 Kb8 24. fxe5 dxe5 25. Qf5 Rhg7 26. Qxe5 Qg6 27. Rgf1 Qg4 28. Qf4 Qxf4 29. Rxf4 Kc8 30. Rdf1 Rf8 31. Rf5 Rh7 32. R1f3 Rg7 33. Rxh5 Kd7 34. Rff5 Rfg8 35. Kc1 Ke7 36. Kd2 b6 37. Ke3 f6 38. Kf3 Ke6 39. Rh6 Rg6 40. Rxg6 Rxg6 41. h5 Rh6 42. Kxg3 c5 43. Kf4 a5 44. g4 Kf7 45. e5 Kg7 46. exf6+ Rxf6 47. Rxf6 Kxf6 48. g5+ Kg7 49. Kf5 b5 50. h6+ Kh7 51. Ke5 b4 52. Kd5 Kg6 53. Kxc5 Kh7 54. d4 Kg6 55. d5 Kf7 56. h7 Kg7 57. g6 Kxg6 58. h8=Q Kf5 59. d6 Ke6 60. Qe8+ Kf5 61. d7 Kf6 62. d8=Q+ Kg7 63. Qdd7+ Kh6 64. Qee6+ Kg5 65. Qg8+ Kf6 66. Qgg7# 1-0

[Event "NAYCC U08"]
[Site "Toronto CAN"]
[Date "2013.08.15"]
[Round "3"]
[White "Issani, Nameer"]
[Black "Medina, Benjamin R"]
[Result "0-1"]
[WhiteElo "1425"]
[BlackElo "1606"]
[PlyCount "74"]
[GameId "2160767909250290"]
[EventDate "2013.08.14"]
[EventType "swiss"]
[EventRounds "9"]
[EventCountry "CAN"]
[SourceTitle "EXT 2022"]
[Source "ChessBase"]
[SourceDate "2021.10.06"]
[SourceVersion "1"]
[SourceVersionDate "2021.10.06"]
[SourceQuality "1"]

1. e4 c6 2. d4 d5 3. exd5 cxd5 4. Nf3 Nf6 5. Nc3 Nc6 6. Bf4 Bg4 7. Bb5 a6 8. Ba4 b5 9. Bb3 Bxf3 10. gxf3 e6 11. Qd3 Bd6 12. Bxd6 Qxd6 13. O-O-O O-O 14. Ne2 Kh8 15. Rdg1 Rab8 16. f4 Ne4 17. Qf3 Ne7 18. Qg4 Rg8 19. Rg2 a5 20. a3 a4 21. Ba2 b4 22. Rd1 bxa3 23. b3 axb3 24. Bxb3 Qc7 25. Qh3 Ng6 26. Rd3 Nxf4 27. Nxf4 Qxf4+ 28. Re3 Nxf2 29. Kb1 Nxh3 30. Rxh3 Qf1+ 31. Ka2 Qxg2 32. Rh4 Rxb3 33. Kxb3 Rb8+ 34. Kc3 a2 35. Rf4 a1=Q+ 36. Kd3 Qd1+ 37. Ke3 Qge2# 0-1

[Event "NAYCC U08"]
[Site "Toronto CAN"]
[Date "2013.08.15"]
[Round "3"]
[White "Jeyakumar, Bhavatharshan"]
[Black "Makaveev, Martin"]
[Result "0-1"]
[WhiteElo "558"]
[BlackElo "836"]
[PlyCount "87"]
[GameId "2160767909250291"]
[EventDate "2013.08.14"]
[EventType "swiss"]
[EventRounds "9"]
[EventCountry "CAN"]
[SourceTitle "EXT 2022"]
[Source "ChessBase"]
[SourceDate "2021.10.06"]
[SourceVersion "1"]
[SourceVersionDate "2021.10.06"]
[SourceQuality "1"]

1. e4 e5 2. Nf3 Nc6 3. Bb5 Nf6 4. Bxc6 bxc6 5. Nxe5 Qe7 6. d4 d6 7. Nf3 Qd7 8. Nc3 Be7 9. Bg5 O-O 10. Bxf6 Bxf6 11. e5 Be7 12. exd6 cxd6 13. O-O c5 14. dxc5 dxc5 15. Qxd7 Bxd7 16. Rfe1 Bf6 17. Nd5 Bxb2 18. Rab1 Ba3 19. Ne7+ Kh8 20. Nd5 g6 21. Nf6 Bf5 22. Rb3 Bb4 23. c3 Ba5 24. Rb5 Bxc3 25. Rc1 Bxf6 26. h3 Be7 27. g4 Bd7 28. Rb3 c4 29. Rb7 Rfd8 30. Rxc4 a6 31. Ne5 Be6 32. Rcc7 Bf6 33. Nf3 Bd5 34. Rb6 Be7 35. Nh2 Ba3 36. Rc3 Be7 37. Re3 Bc5 38. Rxa6 Bxe3 39. fxe3 Bb7 40. Ra7 Be4 41. a4 Rxa7 42. a5 Rc8 43. a6 Rc1+ 44. Nf1 0-1

[Event "NAYCC U08"]
[Site "Toronto CAN"]
[Date "2013.08.15"]
[Round "3"]
[White "Kulic, Mateo"]
[Black "Sun, Frank"]
[Result "1/2-1/2"]
[WhiteElo "769"]
[BlackElo "1097"]
[PlyCount "115"]
[GameId "2160767909250292"]
[EventDate "2013.08.14"]
[EventType "swiss"]
[EventRounds "9"]
[EventCountry "CAN"]
[SourceTitle "EXT 2022"]
[Source "ChessBase"]
[SourceDate "2021.10.06"]
[SourceVersion "1"]
[SourceVersionDate "2021.10.06"]
[SourceQuality "1"]

1. e4 e5 2. Nf3 Nc6 3. Bc4 Bc5 4. b4 Bxb4 5. c3 Ba5 6. Qb3 Nf6 7. Bxf7+ Kf8 8. d3 d5 9. Bxd5 Nxd5 10. exd5 Ne7 11. Nxe5 Nxd5 12. Qa3+ Ke8 13. Qxa5 Nf6 14. Qb5+ Nd7 15. O-O c6 16. Qc4 Nxe5 17. Re1 Qc7 18. Bf4 Qb6 19. Bxe5 Kd7 20. Qf7+ Kd8 21. Bxg7 Bd7 22. Qe7+ Kc7 23. Be5+ Kc8 24. Bxh8 Kc7 25. Be5+ Kc8 26. Qf8+ Qd8 27. Qxd8+ Kxd8 28. Bd6 b5 29. c4 bxc4 30. dxc4 Kc8 31. Nc3 Kb7 32. Re7 Rd8 33. Rb1+ Ka6 34. Bc7 Re8 35. Rxe8 Bxe8 36. f4 Bg6 37. Rf1 Bd3 38. Rf2 Bxc4 39. f5 Kb7 40. Bg3 a5 41. f6 Kb6 42. f7 Bxf7 43. Rxf7 Kc5 44. Rf5+ Kc4 45. Rxa5 Kxc3 46. Ra8 c5 47. a4 c4 48. a5 Kd2 49. Rc8 c3 50. Rxc3 Kxc3 51. a6 Kb4 52. a7 Kb5 53. a8=Q Kb6 54. Qc8 Kb5 55. Qc7 Ka6 56. Qb8 Ka5 57. Be1+ Ka6 58. Kf2 1/2-1/2

[Event "NAYCC U08"]
[Site "Toronto CAN"]
[Date "2013.08.15"]
[Round "3"]
[White "Lalwani, Jay"]
[Black "Lu, Maximillian"]
[Result "1/2-1/2"]
[WhiteElo "1509"]
[BlackElo "1655"]
[PlyCount "39"]
[GameId "2160767909250293"]
[EventDate "2013.08.14"]
[EventType "swiss"]
[EventRounds "9"]
[EventCountry "CAN"]
[SourceTitle "EXT 2022"]
[Source "ChessBase"]
[SourceDate "2021.10.06"]
[SourceVersion "1"]
[SourceVersionDate "2021.10.06"]
[SourceQuality "1"]

1. e4 c5 2. Nf3 d6 3. d4 cxd4 4. Nxd4 Nf6 5. Nc3 a6 6. Bg5 e6 7. f4 Be7 8. Qf3 Nbd7 9. O-O-O Qc7 10. Bd3 b5 11. Rhe1 Bb7 12. Qg3 h6 13. Bh4 Nh5 14. Qg4 Bxh4 15. Qxh4 Nhf6 16. f5 e5 17. Nf3 Rc8 18. a3 Ba8 19. g4 Rh7 20. h3 1/2-1/2

[Event "NAYCC U08"]
[Site "Toronto CAN"]
[Date "2013.08.15"]
[Round "3"]
[White "Lu, Michael"]
[Black "Whittingham, Dieter"]
[Result "1/2-1/2"]
[WhiteElo "356"]
[BlackElo "625"]
[PlyCount "68"]
[GameId "2160767909250294"]
[EventDate "2013.08.14"]
[EventType "swiss"]
[EventRounds "9"]
[EventCountry "CAN"]
[SourceTitle "EXT 2022"]
[Source "ChessBase"]
[SourceDate "2021.10.06"]
[SourceVersion "1"]
[SourceVersionDate "2021.10.06"]
[SourceQuality "1"]

1. d4 c5 2. d5 Nf6 3. Nc3 d6 4. e4 e5 5. Bg5 Be7 6. Nf3 O-O 7. Bc4 Bd7 8. O-O h6 9. Bh4 Ng4 10. Bg3 f5 11. h3 f4 12. hxg4 fxg3 13. fxg3 Bxg4 14. Qd3 Bxf3 15. gxf3 Qd7 16. g4 Bg5 17. Bb5 Qe7 18. Bc4 Bf4 19. Na4 Qh4 20. Qe2 Qg3+ 21. Kh1 Qh3+ 22. Kg1 Bg3 23. Nc3 h5 24. Qg2 Qh4 25. gxh5 Kf7 26. Ne2 Bf4 27. Nxf4 Qxf4 28. Qg6+ Ke7 29. Qe6+ Kd8 30. Qxd6+ Nd7 31. Bb5 Qg3+ 32. Kh1 Qh3+ 33. Kg1 Qg3+ 34. Kh1 Qh3+ 1/2-1/2

[Event "NAYCC U08"]
[Site "Toronto CAN"]
[Date "2013.08.15"]
[Round "3"]
[White "Palusa, Maurya"]
[Black "Luo, Owen"]
[Result "1-0"]
[WhiteElo "1624"]
[BlackElo "992"]
[PlyCount "29"]
[GameId "2160767909250295"]
[EventDate "2013.08.14"]
[EventType "swiss"]
[EventRounds "9"]
[EventCountry "CAN"]
[SourceTitle "EXT 2022"]
[Source "ChessBase"]
[SourceDate "2021.10.06"]
[SourceVersion "1"]
[SourceVersionDate "2021.10.06"]
[SourceQuality "1"]

1. e4 g6 2. d4 Bg7 3. Nf3 e6 4. Nc3 Ne7 5. Bd3 O-O 6. Be3 d6 7. Qd2 Nd7 8. O-O-O b6 9. h4 a5 10. h5 Ba6 11. Bh6 Bxd3 12. Bxg7 Kxg7 13. hxg6 Nxg6 14. Qh6+ Kg8 15. Qxh7# 1-0

[Event "NAYCC U08"]
[Site "Toronto CAN"]
[Date "2013.08.15"]
[Round "3"]
[White "Polavaram, Rithik S"]
[Black "Low, Kevin"]
[Result "0-1"]
[WhiteElo "1562"]
[BlackElo "1451"]
[PlyCount "96"]
[GameId "2160767909250296"]
[EventDate "2013.08.14"]
[EventType "swiss"]
[EventRounds "9"]
[EventCountry "CAN"]
[SourceTitle "EXT 2022"]
[Source "ChessBase"]
[SourceDate "2021.10.06"]
[SourceVersion "1"]
[SourceVersionDate "2021.10.06"]
[SourceQuality "1"]

1. d4 d6 2. c4 e5 3. Nf3 Nd7 4. Nc3 Ngf6 5. e3 g6 6. Bd3 Bg7 7. O-O O-O 8. d5 a5 9. e4 Nc5 10. Be3 b6 11. Re1 Nh5 12. Qd2 f5 13. Bxc5 bxc5 14. Nb5 Nf4 15. Bc2 Kh8 16. Ba4 fxe4 17. Rxe4 Bh6 18. Qc3 Bg7 19. Qd2 Bg4 20. Bd1 Bf5 21. Re3 e4 22. Ne1 Be5 23. Nc3 Qg5 24. g3 Bd4 25. h4 Bxe3 26. Qxe3 Nh3+ 27. Kh2 Qxe3 28. fxe3 Nf2 29. Bc2 Rab8 30. b3 Ng4+ 31. Kg1 Nxe3 32. Bxe4 Bxe4 33. Nxe4 Rf1+ 34. Kh2 Re8 35. Nd2 Rf2+ 36. Kh3 Rxd2 37. Nf3 Rd1 38. Rxd1 Nxd1 39. Kg2 Re2+ 40. Kh3 Rxa2 41. Nh2 Nf2+ 42. Kg2 Ng4+ 43. Kh3 Nxh2 44. b4 axb4 45. g4 b3 46. g5 Nf1 47. h5 gxh5 48. g6 Rh2# 0-1

[Event "NAYCC U08"]
[Site "Toronto CAN"]
[Date "2013.08.15"]
[Round "3"]
[White "Rusonik, Max"]
[Black "Kang, Dorian"]
[Result "1-0"]
[WhiteElo "650"]
[BlackElo "1008"]
[PlyCount "75"]
[GameId "2160767909250297"]
[EventDate "2013.08.14"]
[EventType "swiss"]
[EventRounds "9"]
[EventCountry "CAN"]
[SourceTitle "EXT 2022"]
[Source "ChessBase"]
[SourceDate "2021.10.06"]
[SourceVersion "1"]
[SourceVersionDate "2021.10.06"]
[SourceQuality "1"]

1. e4 e5 2. Nf3 Nc6 3. Bc4 Nf6 4. Ng5 d5 5. exd5 Na5 6. d3 e4 7. Qe2 Bf5 8. O-O Nxc4 9. dxe4 Bd7 10. Qxc4 h6 11. Nf3 Bd6 12. e5 Be7 13. exf6 Bxf6 14. Re1+ Be7 15. Bf4 c6 16. d6 Be6 17. Qd3 Bf6 18. Nc3 O-O 19. Rad1 b5 20. b3 a6 21. Ne4 Bb2 22. Rb1 Ba3 23. b4 Bxb4 24. Rxb4 Bc4 25. Qc3 a5 26. Rb2 Bd5 27. Qd3 Bc4 28. Qd1 a4 29. a3 f5 30. Ned2 Qf6 31. Rb1 Ba2 32. Ra1 Bd5 33. Be5 Qg6 34. g3 c5 35. Nf1 Bc4 36. Ne3 Be6 37. Nd5 Rfd8 38. Ne7+ 1-0

[Event "NAYCC U08"]
[Site "Toronto CAN"]
[Date "2013.08.15"]
[Round "3"]
[White "Sydykhanov, Arman"]
[Black "Walters, Joshua"]
[Result "1-0"]
[WhiteElo "620"]
[BlackElo "290"]
[PlyCount "49"]
[GameId "2160767909250298"]
[EventDate "2013.08.14"]
[EventType "swiss"]
[EventRounds "9"]
[EventCountry "CAN"]
[SourceTitle "EXT 2022"]
[Source "ChessBase"]
[SourceDate "2021.10.06"]
[SourceVersion "1"]
[SourceVersionDate "2021.10.06"]
[SourceQuality "1"]

1. e4 e5 2. Nf3 Qe7 3. d3 Qb4+ 4. Nc3 Bc5 5. Be3 Bd6 6. Be2 Qa5 7. O-O Nc6 8. a3 Be7 9. b4 Qa6 10. d4 exd4 11. Bxa6 bxa6 12. Bxd4 Nxd4 13. Qxd4 Bf6 14. e5 Be7 15. Qg4 d5 16. Qxg7 Bf6 17. exf6 Nxf6 18. Qxh8+ Kd7 19. Qxf6 h5 20. Qxf7+ Kd8 21. Rfe1 Bd7 22. Re2 Rb8 23. Rae1 Rb6 24. Re8+ Bxe8 25. Rxe8# 1-0

[Event "NAYCC U08"]
[Site "Toronto CAN"]
[Date "2013.08.15"]
[Round "3"]
[White "Tang, Matthew"]
[Black "Radin, Andrew"]
[Result "1-0"]
[WhiteElo "1031"]
[BlackElo "766"]
[PlyCount "91"]
[GameId "2160767909250299"]
[EventDate "2013.08.14"]
[EventType "swiss"]
[EventRounds "9"]
[EventCountry "CAN"]
[SourceTitle "EXT 2022"]
[Source "ChessBase"]
[SourceDate "2021.10.06"]
[SourceVersion "1"]
[SourceVersionDate "2021.10.06"]
[SourceQuality "1"]

1. e4 e5 2. Nf3 Nc6 3. Nc3 Bb4 4. Bc4 Nf6 5. d3 O-O 6. a3 Ba5 7. O-O d6 8. Bg5 Bxc3 9. bxc3 Be6 10. Bb5 a6 11. Ba4 b5 12. Bb3 Bxb3 13. cxb3 Qe7 14. Re1 Qe6 15. c4 Nd4 16. Nxd4 exd4 17. a4 b4 18. Qd2 c5 19. f4 Ng4 20. h3 Ne3 21. f5 Qd7 22. Bxe3 dxe3 23. Qxe3 Qe7 24. Qg3 Qe5 25. Qxe5 dxe5 26. Rf1 Rad8 27. Rad1 Rd4 28. f6 g6 29. h4 Rfd8 30. Rf3 a5 31. Kf2 R4d6 32. Ke2 h5 33. Rg1 Re6 34. g4 hxg4 35. Rxg4 Rdd6 36. Rg5 Kh7 37. h5 Kh6 38. hxg6 Kxg5 39. gxf7 Rd8 40. Rg3+ Kxf6 41. Rg8 Kxf7 42. Rxd8 Ra6 43. Rd5 Kf6 44. Rxc5 Kg5 45. Rxe5+ Kf4 46. Rf5+ 1-0

[Event "NAYCC U08"]
[Site "Toronto CAN"]
[Date "2013.08.15"]
[Round "3"]
[White "Trakru, Rohun"]
[Black "Kong, Brandon"]
[Result "1-0"]
[WhiteElo "1372"]
[BlackElo "832"]
[PlyCount "69"]
[GameId "2160767909250300"]
[EventDate "2013.08.14"]
[EventType "swiss"]
[EventRounds "9"]
[EventCountry "CAN"]
[SourceTitle "EXT 2022"]
[Source "ChessBase"]
[SourceDate "2021.10.06"]
[SourceVersion "1"]
[SourceVersionDate "2021.10.06"]
[SourceQuality "1"]

1. e4 c5 2. Nf3 d6 3. d4 cxd4 4. Nxd4 Nf6 5. Nc3 e6 6. Bb5+ Bd7 7. Bxd7+ Nbxd7 8. O-O Be7 9. f4 Qb6 10. Kh1 O-O 11. Re1 e5 12. Nf5 Rfe8 13. g4 Kh8 14. g5 Ng8 15. Nd5 Qc6 16. b4 Rac8 17. c3 g6 18. Ndxe7 Nxe7 19. Nxd6 Qxc3 20. Bd2 Qd3 21. Nxe8 Rxe8 22. Bc1 Qxd1 23. Rxd1 Nb6 24. fxe5 Nc6 25. b5 Nxe5 26. Bb2 Kg8 27. Rac1 Ng4 28. Rd2 h5 29. Re2 f5 30. gxf6 g5 31. Rc7 Rb8 32. f7+ Kf8 33. Ba3+ Kg7 34. f8=Q+ Kg6 35. Qg7# 1-0

[Event "NAYCC U08"]
[Site "Toronto CAN"]
[Date "2013.08.15"]
[Round "3"]
[White "Wu, Nicholas"]
[Black "Xu, Sivan"]
[Result "1-0"]
[WhiteElo "1194"]
[BlackElo "694"]
[PlyCount "37"]
[GameId "2160767909250301"]
[EventDate "2013.08.14"]
[EventType "swiss"]
[EventRounds "9"]
[EventCountry "CAN"]
[SourceTitle "EXT 2022"]
[Source "ChessBase"]
[SourceDate "2021.10.06"]
[SourceVersion "1"]
[SourceVersionDate "2021.10.06"]
[SourceQuality "1"]

1. e4 e5 2. Nf3 Nc6 3. Bc4 Nf6 4. d3 Bc5 5. Nc3 Ng4 6. O-O Nxf2 7. Rxf2 Bxf2+ 8. Kxf2 d6 9. Kg1 Bg4 10. h3 Bh5 11. Be3 Qd7 12. Qe2 O-O-O 13. Bb5 f6 14. Bxa7 g5 15. Nd5 Rhf8 16. Nb4 g4 17. hxg4 Bxg4 18. Nxc6 bxc6 19. Ba6# 1-0

[Event "NAYCC U08"]
[Site "Toronto CAN"]
[Date "2013.08.15"]
[Round "3"]
[White "Xu, Bernie"]
[Black "Ettibaryan, Levon"]
[Result "1/2-1/2"]
[WhiteElo "1123"]
[BlackElo "608"]
[PlyCount "118"]
[GameId "2160767909250302"]
[EventDate "2013.08.14"]
[EventType "swiss"]
[EventRounds "9"]
[EventCountry "CAN"]
[SourceTitle "EXT 2022"]
[Source "ChessBase"]
[SourceDate "2021.10.06"]
[SourceVersion "1"]
[SourceVersionDate "2021.10.06"]
[SourceQuality "1"]

1. d4 d5 2. c4 e6 3. Nc3 Nc6 4. Bf4 Bb4 5. a3 Ba5 6. b4 Bb6 7. c5 Nf6 8. e3 a6 9. cxb6 cxb6 10. Nf3 Bd7 11. Bd3 h6 12. O-O O-O 13. Ne5 Re8 14. Qf3 Nh7 15. Nxf7 Qf6 16. Ne5 Nxe5 17. Bxe5 Qxf3 18. gxf3 Rf8 19. f4 Rf7 20. Bg6 Rff8 21. e4 Rfd8 22. Rfe1 Rac8 23. Rac1 Rf8 24. Bd6 Rf6 25. Nxd5 exd5 26. Bxh7+ Kxh7 27. Be5 Rxc1 28. Rxc1 Rc6 29. Rxc6 bxc6 30. f3 a5 31. bxa5 bxa5 32. Kf2 Kg6 33. f5+ Kf7 34. Kg3 g5 35. fxg6+ Kxg6 36. exd5 cxd5 37. f4 a4 38. h4 h5 39. Bd6 Kf5 40. Kf3 Bb5 41. Be7 Bd3 42. Ke3 Be4 43. Bg5 Kg4 44. Kd2 Bf5 45. Kc3 Bd7 46. Kb4 Kf5 47. Kc5 Be6 48. Bh6 Bf7 49. Kb4 Ke4 50. Bg7 Be8 51. Be5 Bd7 52. Kc5 Be6 53. Kd6 Bg8 54. Ke7 Kf5 55. Kf8 Be6 56. Kg7 Kg4 57. Bf6 Kxf4 58. Kg6 Kg4 59. Kh6 Bf5 1/2-1/2

[Event "NAYCC U08"]
[Site "Toronto CAN"]
[Date "2013.08.15"]
[Round "3"]
[White "Xu, Derrick"]
[Black "Liu, Owen"]
[Result "1-0"]
[WhiteElo "627"]
[BlackElo "571"]
[PlyCount "47"]
[GameId "2160767909250303"]
[EventDate "2013.08.14"]
[EventType "swiss"]
[EventRounds "9"]
[EventCountry "CAN"]
[SourceTitle "EXT 2022"]
[Source "ChessBase"]
[SourceDate "2021.10.06"]
[SourceVersion "1"]
[SourceVersionDate "2021.10.06"]
[SourceQuality "1"]

1. d4 Nf6 2. e3 e6 3. c3 Bd6 4. Bd3 O-O 5. Nf3 Nc6 6. Nbd2 Be7 7. O-O d6 8. Qe2 e5 9. e4 exd4 10. Nxd4 Nxd4 11. Qe3 Nc2 12. Bxc2 Ng4 13. Qg3 b6 14. Nf3 c6 15. Bf4 d5 16. Rad1 Bc5 17. exd5 cxd5 18. h3 Bxf2+ 19. Rxf2 Nxf2 20. Qxf2 Bb7 21. Qe3 Re8 22. Qd3 Re7 23. Qxh7+ Kf8 24. Qh8# 1-0

[Event "NAYCC U08"]
[Site "Toronto CAN"]
[Date "2013.08.15"]
[Round "3"]
[White "Zhao, Jonathan"]
[Black "Tang, Andrew"]
[Result "0-1"]
[WhiteElo "1196"]
[BlackElo "1593"]
[PlyCount "60"]
[GameId "2160767909250304"]
[EventDate "2013.08.14"]
[EventType "swiss"]
[EventRounds "9"]
[EventCountry "CAN"]
[SourceTitle "EXT 2022"]
[Source "ChessBase"]
[SourceDate "2021.10.06"]
[SourceVersion "1"]
[SourceVersionDate "2021.10.06"]
[SourceQuality "1"]

1. d4 d5 2. Nf3 Nc6 3. e3 Nf6 4. Bd3 Bg4 5. h3 Bh5 6. g4 Bg6 7. c3 e6 8. Qc2 Bd6 9. Nbd2 Qe7 10. e4 dxe4 11. Nxe4 Nxe4 12. Bxe4 Qd7 13. Be3 O-O-O 14. O-O-O Kb8 15. Ne5 Bxe5 16. dxe5 Qe7 17. f4 Bxe4 18. Qxe4 h6 19. h4 Rxd1+ 20. Rxd1 Qxh4 21. Rg1 Rd8 22. f5 exf5 23. Qxf5 Qe7 24. Rf1 Qxe5 25. Qf2 Qe6 26. Qf3 Ne5 27. Qg3 Qxg4 28. Qxe5 Qg2 29. Rxf7 Qh1+ 30. Kc2 Qd1# 0-1

[Event "NAYCC U08"]
[Site "Toronto CAN"]
[Date "2013.08.16"]
[Round "4"]
[White "Bhanji, Areez"]
[Black "Shi, Stephen"]
[Result "0-1"]
[WhiteElo "204"]
[BlackElo "581"]
[PlyCount "68"]
[GameId "2160767909250305"]
[EventDate "2013.08.14"]
[EventType "swiss"]
[EventRounds "9"]
[EventCountry "CAN"]
[SourceTitle "hb 2013"]

1. e4 e5 2. Nf3 Nc6 3. Bc4 Nf6 4. Nc3 Bc5 5. d3 d6 6. O-O Bg4 7. h3 Bxf3 8. Qxf3 O-O 9. Bg5 Nd4 10. Qg3 Nxc2 11. Rac1 Nb4 12. Bh6 Nh5 13. Qg4 Qf6 14. Qxh5 gxh6 15. Nd5 Nxd5 16. Bxd5 c6 17. Bc4 b5 18. d4 exd4 19. Bb3 Rfe8 20. Rfe1 d3 21. Qd1 Qxf2+ 22. Kh1 d2 23. Qg4+ Kh8 24. a3 dxe1=Q+ 25. Rxe1 Qxe1+ 26. Kh2 Qg1+ 27. Kg3 d5 28. exd5 Re3+ 29. Kf4 Qf1+ 30. Qf3 Rxf3+ 31. Kg4 Rg8+ 32. Kh5 Rf5+ 33. Kh4 Qf4+ 34. g4 Qf2# 0-1

[Event "NAYCC U08"]
[Site "Toronto CAN"]
[Date "2013.08.16"]
[Round "4"]
[White "Doknjas, Neil"]
[Black "Hawthorn, Henry"]
[Result "1-0"]
[WhiteElo "1281"]
[BlackElo "1668"]
[PlyCount "67"]
[GameId "2160767909250306"]
[EventDate "2013.08.14"]
[EventType "swiss"]
[EventRounds "9"]
[EventCountry "CAN"]
[SourceTitle "hb 2013"]

1. e4 c5 2. Nf3 d6 3. d4 cxd4 4. Nxd4 Nf6 5. Nc3 g6 6. Be3 Bg7 7. f3 Nc6 8. Qd2 Bd7 9. g4 a6 10. O-O-O b5 11. Bh6 O-O 12. Bxg7 Kxg7 13. h4 Rh8 14. h5 Qc7 15. h6+ Kg8 16. g5 Ne8 17. Nd5 Qd8 18. f4 e6 19. Nxc6 Bxc6 20. Qc3 Bxd5 21. exd5 e5 22. Re1 Rc8 23. Qd2 exf4 24. Qxf4 Qa5 25. Bh3 Rb8 26. Qd4 f6 27. gxf6 Kf7 28. Qa7+ Nc7 29. Re7+ Kxf6 30. Rxc7 Qxa2 31. Qd4+ Kg5 32. Rg1+ Kh5 33. Qg4+ Kxh6 34. Qh4# 1-0

[Event "NAYCC U08"]
[Site "Toronto CAN"]
[Date "2013.08.16"]
[Round "4"]
[White "Guipi Bopala, Prince Eric jr"]
[Black "Xu, Derrick"]
[Result "1-0"]
[WhiteElo "930"]
[BlackElo "627"]
[PlyCount "85"]
[GameId "2160767909250307"]
[EventDate "2013.08.14"]
[EventType "swiss"]
[EventRounds "9"]
[EventCountry "CAN"]
[SourceTitle "hb 2013"]

1. d4 d5 2. c4 Nf6 3. Nc3 Bf5 4. Nf3 Nc6 5. Bg5 e6 6. e3 h6 7. Bh4 Bd6 8. c5 Be7 9. Be2 O-O 10. O-O b6 11. Bb5 Qd7 12. Ne5 Qd8 13. Bxc6 Qc8 14. Bxa8 Qxa8 15. Nb5 Qe8 16. Nxc7 Qc8 17. Nb5 Qa6 18. Nc3 Bd8 19. c6 Bc7 20. Bxf6 Bxe5 21. Bxe5 Bd3 22. Qg4 f6 23. Qxe6+ Rf7 24. Qe8+ Rf8 25. Qe6+ Rf7 26. Nxd5 Bc4 27. c7 Bxd5 28. c8=Q+ Qxc8 29. Qxc8+ Rf8 30. Qd7 Rf7 31. Qxd5 a5 32. Bf4 g5 33. Bb8 Kg7 34. Qe6 Rf8 35. Ba7 Ra8 36. Bxb6 Ra6 37. d5 Rxb6 38. Qxb6 Kg6 39. d6 Kg7 40. d7 Kg6 41. d8=Q Kg7 42. Qbxf6+ Kh7 43. Qdh8# 1-0